| 000 | 00741nam a2200205Ia 4500 | ||
|---|---|---|---|
| 999 |
_c39367 _d39367 |
||
| 001 | 5956 | ||
| 003 | GE_BSU | ||
| 005 | 20190902121645.0 | ||
| 008 | 181216s1969||||ge |||||||||||||| ||geo|| | ||
| 040 | _cGE_BSU | ||
| 041 | _ageo | ||
| 080 | _a821.353.1-1 ა-19 | ||
| 100 |
_aაბაშიძე, სოსო _93853 |
||
| 245 |
_aგუმბათი ცასთან : _bლექსები / _cპოლიო აბრამია ; რედ. ზ. ფირცხალაიშვილი. |
||
| 264 |
_aბათუმი : _bსაბჭოთა აჭარა ; _c1990. |
||
| 300 |
_a58 გვ. ; _c17 სმ. |
||
| 653 | _aგუმბათი ცასთან | ||
| 653 | _aლექსები | ||
| 942 |
_cBK _2udc |
||